000 00615nam a22002177a 4500
003 UA-OsUOA
001 79077
007 ta
008 20111101b un ||||| |||| 00| 0 ukr d
100 _aГорєлова С.
090 _a82
_bГ68
942 _cSA
040 _aUA-OsUOA
_bukr
_cUA-OsUOA
_dUA-OsUOA
245 _aШекспіровські образи у творчій рецепції неокласиків і акмеїстів
300 _aС.84-88
955 _a0
041 _aukr
080 _a82
773 0 _w79076
650 7 _a82 Література. Літературознавство
_2UDC
999 _c365293
_d365293